000 00749nam a2200241 a 4500
001 42136
003 BD-RjUL
005 20211209053511.0
008 160609s1959 enk 001 0 eng d
035 _a(BD-RjUL) 42254
035 _a883845
040 _aNZOC
_beng
_cNZOC
_dABN-SNR
_dBD-RjUL
041 _aeng
082 0 4 _a327.47056
_bLAS 1959
_223
100 1 _aLaqueur, Walter,
_d1921-
_9129582
245 1 4 _aThe Soviet Union and the Middle East /
_cWalter Laqueur.
260 _aLondon :
_bRoutledge & Kegan Paul,
_c1959.
300 _ax, 366 p. :
_c21 cm.
500 _aIncludes index.
651 0 _aMiddle East
_xForeign relations
_zSoviet Union.
_9129583
651 0 _aSoviet Union
_xForeign relations
_zMiddle East.
_9129584
942 _2ddc
_cBK
999 _c42136
_d42136